00937pam a2200265 a 45000010008000000030004000080050017000120080041000290100017000700200018000870200015001050400039001200500024001591000027001832450080002102500016002902600030003063000065003365040051004016500032004529060045004849420012005299520117005419990013006581141549OSt20221025171319.0950131s1996 nyua b 001 0 eng  a 95001115  a9780393967753 a0393967751 aDLCcDLCdChuka University Library00aHD 30.22b.M36 19961 aMansfield, Edwin.959710aManagerial economics :btheory, applications, and cases /cEdwin Mansfield. a3rd edition aNew York:bNorton,c1996. axxv, 658, A-82 pages :billustrations (some color) ;c25 cm. aIncludes bibliographical references and index. 0aManagerial economics.91444 a7bcbccorignewd1eocipf19gy-gencatlg 2lcccBK 001040708LGLaCHKbCHKcGENd2022-10-21l0oHD 30.22.M36 1996p4745/2009r2022-10-21 00:00:00w2022-10-21yBK c507d507